000 00588nam a2200241Ia 4500
003 OSt
005 20220912152249.0
006 a|||||r|||| 00| 0
007 ta
008 220909b |||||||| |||| 00| 0 eng d
024 _a55415
037 _cTextual
040 _aCSL
_beng
_cCSL
041 _aeng
082 _aL:G11p1:N69, L0
100 _aSilverstri L Ed.
245 0 _aRNA-Polymerase and transcription
260 _c1970
300 _ap.
_ccm.
650 _aMedicine
942 _hL:G11p1:N69, L0
_cTEXL
_2CC
999 _c83201
_d83201